[Event "CYCC U12"]
[Site "Vancouver CAN"]
[Date "2012.07.02"]
[Round "1"]
[White "Taylor, Tristan"]
[Black "Yoshino, Alexander"]
[Result "1-0"]
[WhiteElo "1219"]
[BlackElo "770"]
[PlyCount "65"]
[GameId "2160767909508656"]
[EventDate "2012.07.03"]
[EventType "swiss"]
[EventRounds "7"]
[EventCountry "CAN"]
[SourceTitle "hb 2012"]

1. e4 d6 2. d4 Nf6 3. Nc3 g6 4. Nf3 Bg7 5. Bc4 O-O 6. h3 Nbd7 7. Bb3 c6 8. O-O b5 9. a3 a5 10. Re1 a4 11. Ba2 Qa5 12. Bd2 c5 13. Nd5 b4 14. Nxe7+ Kh8 15. axb4 cxb4 16. Nc6 Qb5 17. Nxb4 Re8 18. e5 dxe5 19. dxe5 Nh5 20. Bxf7 Re7 21. e6 Nc5 22. Nd5 Qxb2 23. Nxe7 Qb8 24. Rb1 Nb7 25. Nxc8 Qxc8 26. e7 Nf6 27. e8=Q+ Nxe8 28. Rxe8+ Qxe8 29. Bxe8 Rxe8 30. Rxb7 Rd8 31. Rxg7 Kxg7 32. Bc3+ Kf8 33. Qxd8+ 1-0

[Event "CYCC U12"]
[Site "Vancouver CAN"]
[Date "2012.07.03"]
[Round "1"]
[White "Chen, Daniel1"]
[Black "Cao, Jason"]
[Result "0-1"]
[WhiteElo "1055"]
[BlackElo "2031"]
[PlyCount "84"]
[GameId "2160767909508657"]
[EventDate "2012.07.03"]
[EventType "swiss"]
[EventRounds "7"]
[EventCountry "CAN"]
[SourceTitle "EXT 2022"]
[Source "ChessBase"]
[SourceDate "2021.10.06"]
[SourceVersion "1"]
[SourceVersionDate "2021.10.06"]
[SourceQuality "1"]

1. e4 c5 2. Nf3 d6 3. c4 Nf6 4. Nc3 g6 5. d4 cxd4 6. Nxd4 Bg7 7. Be3 O-O 8. Bd3 Ng4 9. Qd2 Nxe3 10. Qxe3 Nc6 11. Nxc6 bxc6 12. O-O Rb8 13. Qd2 Qa5 14. Rfc1 Be6 15. a3 Rb3 16. Rc2 Rfb8 17. Rac1 Bxc3 18. Rxc3 Rxb2 19. Qe3 R8b3 20. Bf1 Qxa3 21. Rxb3 Rxb3 22. Qe1 a5 23. Ra1 Qb4 24. Be2 Qxe1+ 25. Rxe1 a4 26. Ra1 Rb4 27. Bd1 Rxc4 28. Bxa4 c5 29. f3 Rb4 30. Bc6 Kg7 31. e5 dxe5 32. Rc1 c4 33. Kf2 Rb2+ 34. Ke3 Rxg2 35. Bb5 Rxh2 36. Bxc4 Bxc4 37. Rxc4 h5 38. f4 exf4+ 39. Rxf4 e5 40. Rf3 f5 41. Rf2 Rxf2 42. Kxf2 e4 0-1

[Event "CYCC U12"]
[Site "Vancouver CAN"]
[Date "2012.07.03"]
[Round "1"]
[White "Chen, Harrison"]
[Black "Xu, Jeffrey"]
[Result "0-1"]
[WhiteElo "988"]
[BlackElo "1832"]
[PlyCount "72"]
[GameId "2160767909508658"]
[EventDate "2012.07.03"]
[EventType "swiss"]
[EventRounds "7"]
[EventCountry "CAN"]
[SourceTitle "hb 2012"]

1. e4 e6 2. d4 d5 3. e5 c5 4. c3 Nc6 5. Nf3 Qb6 6. Be2 Nge7 7. b3 Nf5 8. Bb2 cxd4 9. cxd4 Bb4+ 10. Kf1 Bd7 11. Kg1 O-O 12. h3 Be7 13. Kh2 f6 14. Rf1 fxe5 15. dxe5 Bc5 16. Kg1 Ng3 17. Kh2 Nxf1+ 18. Bxf1 Bxf2 19. Nbd2 Bc5 20. Qc2 Nd4 21. Nxd4 Bxd4 22. Rb1 Bxb2 23. Rxb2 Bb5 24. Bxb5 Qxb5 25. Nf3 Rac8 26. Qb1 Qb4 27. Ng5 Qf4+ 28. g3 Qxg5 29. Qd1 Rc3 30. Qg4 Qxe5 31. Rg2 Rf1 32. Re2 Qf6 33. Kg2 Rcf3 34. h4 R3f2+ 35. Rxf2 Qxf2+ 36. Kh3 Rh1# 0-1

[Event "CYCC U12"]
[Site "Vancouver CAN"]
[Date "2012.07.03"]
[Round "1"]
[White "Chen, Richard"]
[Black "Lee, Stefano"]
[Result "1-0"]
[WhiteElo "1880"]
[BlackElo "986"]
[PlyCount "55"]
[GameId "2160767909508659"]
[EventDate "2012.07.03"]
[EventType "swiss"]
[EventRounds "7"]
[EventCountry "CAN"]
[SourceTitle "hb 2012"]

1. e4 c6 2. d4 d5 3. Nc3 dxe4 4. Nxe4 Bf5 5. Ng3 Bg6 6. h4 h6 7. Nf3 Nf6 8. Be3 Qb6 9. b3 e6 10. a3 Bd6 11. Ne5 Bh7 12. Nh5 Bxc2 13. Nxg7+ Kf8 14. Nxe6+ fxe6 15. Qxc2 Ke8 16. Qg6+ Ke7 17. Qg7+ Kd8 18. Qxf6+ Be7 19. Qxh8+ Kc7 20. Qe8 Bd8 21. Qf7+ Kc8 22. Bc4 Qc7 23. Bxe6+ Nd7 24. Nxd7 h5 25. Bf4 Qxf4 26. Qxf4 Bc7 27. Nb6+ Kb8 28. Qf8+ 1-0

[Event "CYCC U12"]
[Site "Vancouver CAN"]
[Date "2012.07.03"]
[Round "1"]
[White "Cheung, Lukas"]
[Black "Tolentino, Andre Angelo"]
[Result "1-0"]
[WhiteElo "1429"]
[BlackElo "889"]
[PlyCount "119"]
[GameId "2160767909508660"]
[EventDate "2012.07.03"]
[EventType "swiss"]
[EventRounds "7"]
[EventCountry "CAN"]
[SourceTitle "EXT 2022"]
[Source "ChessBase"]
[SourceDate "2021.10.06"]
[SourceVersion "1"]
[SourceVersionDate "2021.10.06"]
[SourceQuality "1"]

1. e4 e5 2. Nf3 Nc6 3. Bc4 Nf6 4. Nc3 Bc5 5. d3 O-O 6. Bg5 h6 7. Bh4 Bb4 8. Qd2 d6 9. a3 Bxc3 10. Qxc3 Bg4 11. Nd2 Nd4 12. f3 Bd7 13. Nb3 b5 14. Nxd4 exd4 15. Qxd4 bxc4 16. dxc4 Bc6 17. Rd1 Re8 18. O-O Qe7 19. b4 Qe5 20. Qe3 d5 21. cxd5 Nxd5 22. Qc5 Nf4 23. Qxc6 Qh5 24. Bf2 Rac8 25. Be3 Qg5 26. Bxf4 Qxf4 27. Rf2 Qe3 28. Rd3 Qc1+ 29. Rf1 Qb2 30. Qc3 Qxc3 31. Rxc3 Re5 32. Rd1 a5 33. bxa5 Rxa5 34. Rd7 c5 35. Kf2 Rca8 36. Ke2 Rxa3 37. Rxc5 Ra1 38. Rcc7 Rf8 39. c4 Rh1 40. h3 Ra1 41. c5 Ra2+ 42. Kf1 Ra1+ 43. Kf2 Ra2+ 44. Kg3 Ra5 45. c6 Rg5+ 46. Kf2 Rc5 47. Rd5 Rc2+ 48. Kf1 Rc1+ 49. Ke2 Rc2+ 50. Rd2 Rc3 51. Rd3 Rc2+ 52. Ke3 Rxg2 53. Rb7 Rc2 54. c7 g5 55. Rd8 Rc3+ 56. Kd2 Rxf3 57. c8=Q Rf2+ 58. Ke3 Rxd8 59. Qxd8+ Kg7 60. Kxf2 1-0

[Event "CYCC U12"]
[Site "Vancouver CAN"]
[Date "2012.07.03"]
[Round "1"]
[White "Ge, Alex"]
[Black "Han, Lionel"]
[Result "0-1"]
[WhiteElo "921"]
[BlackElo "1521"]
[PlyCount "98"]
[GameId "2160767909508661"]
[EventDate "2012.07.03"]
[EventType "swiss"]
[EventRounds "7"]
[EventCountry "CAN"]
[SourceTitle "hb 2012"]

1. e4 e5 2. Nf3 Nc6 3. Bc4 Bc5 4. b4 Bxb4 5. c3 Ba5 6. d4 exd4 7. Bd2 dxc3 8. Nxc3 Nge7 9. O-O O-O 10. Nd5 Bxd2 11. Qxd2 d6 12. Rae1 Bg4 13. Ng5 Ne5 14. Bb3 h6 15. h3 Bh5 16. f4 N5c6 17. Nf3 Kh8 18. Ne3 Bg6 19. f5 Bh7 20. g4 Ne5 21. Ng2 N7c6 22. h4 Nxg4 23. Nf4 Nce5 24. Nxe5 Nxe5 25. Re3 Qxh4 26. Rh3 Qg5+ 27. Kh1 a5 28. Rg1 Qe7 29. Qg2 Rg8 30. Rg3 a4 31. Bd5 c6 32. Rxg7 cxd5 33. Qg3 dxe4 34. Nd5 Qf8 35. f6 Ng6 36. Rxg8+ Qxg8 37. Qxd6 Qd8 38. Qc5 Ra5 39. Qc2 Rxd5 40. Qxe4 Rh5+ 41. Kg2 Nh4+ 42. Kf2 Bxe4 43. Rg8+ Qxg8 44. a3 Qg2+ 45. Ke3 Nf5+ 46. Kf4 Qf3+ 47. Ke5 Ne3+ 48. Kd4 Nc2+ 49. Kc4 Qd3# 0-1

[Event "CYCC U12"]
[Site "Vancouver CAN"]
[Date "2012.07.03"]
[Round "1"]
[White "Gedajlovic, Max"]
[Black "Liu, Danny"]
[Result "1-0"]
[WhiteElo "1695"]
[BlackElo "1005"]
[PlyCount "85"]
[GameId "2160767909508662"]
[EventDate "2012.07.03"]
[EventType "swiss"]
[EventRounds "7"]
[EventCountry "CAN"]
[SourceTitle "hb 2012"]

1. d4 d5 2. c4 e6 3. Nc3 Nf6 4. Bg5 Be7 5. Nf3 Nc6 6. e3 h6 7. Bh4 Bd7 8. Bxf6 Bxf6 9. cxd5 exd5 10. Nxd5 Be6 11. Nxf6+ Qxf6 12. Bb5 Bg4 13. O-O Bxf3 14. Qxf3 Qxf3 15. gxf3 O-O 16. Rac1 Rab8 17. b3 Ne7 18. Rxc7 Nf5 19. Rfc1 a6 20. Bd3 Nh4 21. Be4 Rfd8 22. Rxb7 Rbc8 23. Rcc7 Rxc7 24. Rxc7 f5 25. Bb7 a5 26. Rc5 Rd7 27. Bd5+ Kh8 28. Rxa5 Rd8 29. Ra8 Rxa8 30. Bxa8 Ng6 31. e4 f4 32. Bd5 Ne7 33. Bf7 Nc6 34. d5 Ne5 35. Be6 Nxf3+ 36. Kg2 Ne5 37. d6 Nc6 38. Bd5 Ne5 39. a4 Nd7 40. a5 Nc5 41. b4 Nd7 42. a6 Nb6 43. a7 1-0

[Event "CYCC U12"]
[Site "Vancouver CAN"]
[Date "2012.07.03"]
[Round "1"]
[White "Goldblatt, Taylor"]
[Black "Jayaweera, Lahiru"]
[Result "0-1"]
[WhiteElo "426"]
[BlackElo "1125"]
[PlyCount "72"]
[GameId "2160767909508663"]
[EventDate "2012.07.03"]
[EventType "swiss"]
[EventRounds "7"]
[EventCountry "CAN"]
[SourceTitle "hb 2012"]

1. e4 c6 2. d4 d5 3. f3 dxe4 4. fxe4 e5 5. c3 exd4 6. cxd4 Nf6 7. Nc3 Bb4 8. Bg5 h6 9. Bh4 g5 10. a3 Bxc3+ 11. bxc3 gxh4 12. Bc4 Bg4 13. Nf3 Nxe4 14. Qe2 Qe7 15. h3 Bxf3 16. gxf3 Ng3 17. Qxe7+ Kxe7 18. Rg1 Re8 19. O-O-O b5 20. Rge1+ Kf8 21. Bb3 Nd7 22. d5 Rxe1 23. Rxe1 cxd5 24. Bxd5 Re8 25. Rd1 Nb6 26. Bc6 Re3 27. Be4 Rxc3+ 28. Kb1 Nxe4 29. fxe4 Ke7 30. Kb2 Re3 31. Rc1 Nc4+ 32. Kb1 Rxe4 33. Rc3 Re3 34. Rc1 Nxa3+ 35. Ka2 Nc4 36. Rb1 Ra3# 0-1

[Event "CYCC U12"]
[Site "Vancouver CAN"]
[Date "2012.07.03"]
[Round "1"]
[White "Hou, Frank Gui"]
[Black "Baskaran, Karthik"]
[Result "1-0"]
[WhiteElo "1200"]
[BlackElo "746"]
[PlyCount "123"]
[GameId "2160767909508664"]
[EventDate "2012.07.03"]
[EventType "swiss"]
[EventRounds "7"]
[EventCountry "CAN"]
[SourceTitle "EXT 2022"]
[Source "ChessBase"]
[SourceDate "2021.10.06"]
[SourceVersion "1"]
[SourceVersionDate "2021.10.06"]
[SourceQuality "1"]

1. e4 e5 2. Nf3 Nc6 3. Bb5 Nf6 4. Bxc6 bxc6 5. Nxe5 Qe7 6. d4 d6 7. Nxc6 Qxe4+ 8. Qe2 Qxe2+ 9. Kxe2 Bd7 10. Nb4 d5 11. Nd3 Bd6 12. Re1 O-O 13. Kf1 Bb5 14. Nc3 Bxd3+ 15. cxd3 Bb4 16. Bd2 Bxc3 17. Bxc3 Rae8 18. Rac1 Ng4 19. Kg1 Re6 20. f3 Nf6 21. Ba5 c6 22. Rxe6 fxe6 23. Rxc6 Rb8 24. b3 Kf7 25. Rc7+ Kg6 26. Rxa7 Kf5 27. Bc7 Rb4 28. Be5 Kg6 29. Kf2 Nh5 30. g4 Nf6 31. h4 Rb6 32. h5+ Kh6 33. Bf4+ g5 34. Be5 Ne8 35. Ra8 Nd6 36. f4 gxf4 37. Bxf4+ Kg7 38. h6+ Kg6 39. Rg8+ Kf7 40. Rd8 Ne8 41. Rb8 Ra6 42. a4 Nf6 43. g5 Nh5 44. Be5 Kg6 45. Kf3 Kxg5 46. Rg8+ Kf5 47. Ke2 Rb6 48. Rb8 Rc6 49. Kd2 Kg6 50. a5 Kxh6 51. b4 Ng7 52. Bxg7+ Kxg7 53. b5 Rc7 54. a6 h5 55. Rb7 Rxb7 56. axb7 h4 57. b8=Q h3 58. Qh2 Kf7 59. Qxh3 Ke7 60. b6 Kd7 61. Qh7+ Kc8 62. Qc7# 1-0

[Event "CYCC U12"]
[Site "Vancouver CAN"]
[Date "2012.07.03"]
[Round "1"]
[White "Ju, Terrence"]
[Black "Rapin, Calvin"]
[Result "1-0"]
[WhiteElo "1268"]
[BlackElo "847"]
[PlyCount "103"]
[GameId "2160767909508665"]
[EventDate "2012.07.03"]
[EventType "swiss"]
[EventRounds "7"]
[EventCountry "CAN"]
[SourceTitle "EXT 2022"]
[Source "ChessBase"]
[SourceDate "2021.10.06"]
[SourceVersion "1"]
[SourceVersionDate "2021.10.06"]
[SourceQuality "1"]

1. d4 d5 2. c4 e6 3. Nc3 Bb4 4. Qb3 Bxc3+ 5. bxc3 Nf6 6. Bg5 O-O 7. Nf3 dxc4 8. Qxc4 h6 9. Bh4 Nc6 10. Ne5 Nxe5 11. dxe5 g5 12. Bg3 Nh5 13. e3 Qd7 14. Be2 Nxg3 15. hxg3 Kg7 16. Qe4 Qc6 17. Qxc6 bxc6 18. Bf3 Bb7 19. Rb1 Rab8 20. O-O Ba6 21. Rfd1 Rxb1 22. Rxb1 f6 23. exf6+ Kxf6 24. Bxc6 h5 25. Rd1 Bc8 26. Rb1 Ba6 27. Bb7 Bxb7 28. Rxb7 h4 29. gxh4 gxh4 30. Rxc7 a5 31. Rc5 Ra8 32. Rh5 a4 33. Rxh4 a3 34. Rh6+ Ke5 35. f4+ Kd6 36. f5 Rb8 37. Rxe6+ Kd5 38. e4+ Kc4 39. Rc6+ Kd3 40. e5 Kc2 41. e6 Kb2 42. e7 Kxa2 43. f6 Kb2 44. Ra6 a2 45. f7 a1=Q+ 46. Rxa1 Kxa1 47. f8=Q Rb1+ 48. Kh2 Rb2 49. e8=Q Ra2 50. Qf1+ Kb2 51. Qeb5+ Kxc3 52. Qfd3# 1-0

[Event "CYCC U12"]
[Site "Vancouver CAN"]
[Date "2012.07.03"]
[Round "1"]
[White "Katz, Matthew"]
[Black "Lachance, Tristan"]
[Result "1/2-1/2"]
[WhiteElo "660"]
[BlackElo "1156"]
[PlyCount "52"]
[GameId "2160767909508666"]
[EventDate "2012.07.03"]
[EventType "swiss"]
[EventRounds "7"]
[EventCountry "CAN"]
[SourceTitle "hb 2012"]

1. e4 c5 2. Nf3 d6 3. Nc3 Nf6 4. Bc4 Bg4 5. O-O Nc6 6. h3 Bxf3 7. Qxf3 Ne5 8. Qe2 Nxc4 9. Qxc4 Qd7 10. d3 e6 11. Bf4 d5 12. Qb5 Qxb5 13. Nxb5 O-O-O 14. Rad1 Be7 15. f3 c4 16. Nxa7+ Kd7 17. Nb5 Bc5+ 18. Kh1 Nh5 19. Bg5 Ng3+ 20. Kh2 Nxf1+ 21. Rxf1 f6 22. Bh4 g5 23. Bg3 dxe4 24. dxe4 e5 25. h4 Rdg8 26. hxg5 Rxg5 1/2-1/2

[Event "CYCC U12"]
[Site "Vancouver CAN"]
[Date "2012.07.03"]
[Round "1"]
[White "Knox, Nathaniel"]
[Black "Olechko, Nikita"]
[Result "1-0"]
[WhiteElo "1177"]
[BlackElo "566"]
[PlyCount "77"]
[GameId "2160767909508667"]
[EventDate "2012.07.03"]
[EventType "swiss"]
[EventRounds "7"]
[EventCountry "CAN"]
[SourceTitle "hb 2012"]

1. d4 c6 2. c4 d5 3. e3 Nf6 4. Nc3 Bf5 5. Nf3 e6 6. h3 c5 7. cxd5 exd5 8. dxc5 Bxc5 9. Bb5+ Nc6 10. Ne5 Qd6 11. Qa4 Bd7 12. Nxc6 Bxc6 13. O-O O-O 14. Qb3 a6 15. Be2 Rfe8 16. Rd1 Qe6 17. Bf3 Rad8 18. Ne2 Ne4 19. Nd4 Bxd4 20. Rxd4 Qe5 21. Bd2 Nxd2 22. Rxd2 Qg5 23. Rad1 Re5 24. e4 b5 25. exd5 h6 26. d6 Bxf3 27. Qxf3 Re1+ 28. Rxe1 Qxd2 29. Rd1 Qxb2 30. Qc6 Qe2 31. Rd5 Qe6 32. f4 Qe3+ 33. Kh1 Qxf4 34. d7 Qc4 35. Qb6 Qf1+ 36. Kh2 Qf4+ 37. g3 Qb8 38. Qxb8 Rxb8 39. Rc5 1-0

[Event "CYCC U12"]
[Site "Vancouver CAN"]
[Date "2012.07.03"]
[Round "1"]
[White "Kolobaric, Nikola"]
[Black "Bellissimo, Joseph"]
[Result "0-1"]
[WhiteElo "990"]
[BlackElo "2056"]
[PlyCount "90"]
[GameId "2160767909508668"]
[EventDate "2012.07.03"]
[EventType "swiss"]
[EventRounds "7"]
[EventCountry "CAN"]
[SourceTitle "EXT 2022"]
[Source "ChessBase"]
[SourceDate "2021.10.06"]
[SourceVersion "1"]
[SourceVersionDate "2021.10.06"]
[SourceQuality "1"]

1. d4 d5 2. e3 Bf5 3. Nc3 e6 4. Bb5+ c6 5. Bd3 Bxd3 6. Qxd3 Nf6 7. e4 Bb4 8. Bg5 dxe4 9. Qe3 Nd5 10. Bxd8 Nxe3 11. fxe3 Kxd8 12. Nge2 Ke7 13. O-O f5 14. a3 Bxc3 15. bxc3 Nd7 16. Nf4 g5 17. Nh5 Nb6 18. a4 Nd5 19. Rfe1 Nxc3 20. Ra3 Nd5 21. c4 Nf6 22. Nxf6 Kxf6 23. a5 b6 24. axb6 axb6 25. Rxa8 Rxa8 26. Rd1 Ra3 27. d5 Rd3 28. Rxd3 exd3 29. Kf1 exd5 30. cxd5 cxd5 31. Ke1 Ke5 32. Kd2 Ke4 33. h3 b5 34. Kc3 Kxe3 35. g3 d2 36. Kc2 Ke2 37. h4 g4 38. h5 d1=Q+ 39. Kc3 Qd3+ 40. Kb2 b4 41. h6 Qc3+ 42. Kb1 Qd2 43. Ka1 b3 44. Kb1 Qc2+ 45. Ka1 Qa2# 0-1

[Event "CYCC U12"]
[Site "Vancouver CAN"]
[Date "2012.07.03"]
[Round "1"]
[White "Lee, Nicholas"]
[Black "Zhou, You"]
[Result "0-1"]
[WhiteElo "1750"]
[BlackElo "935"]
[PlyCount "64"]
[GameId "2160767909508669"]
[EventDate "2012.07.03"]
[EventType "swiss"]
[EventRounds "7"]
[EventCountry "CAN"]
[SourceTitle "hb 2012"]

1. c4 e5 2. Nc3 Nf6 3. g3 d5 4. cxd5 Nxd5 5. Bg2 Be6 6. Nf3 Nc6 7. d3 Bc5 8. O-O O-O 9. Ne4 Be7 10. Bd2 h6 11. Rc1 Qd7 12. Nc5 Bxc5 13. Rxc5 Qd6 14. Qc1 Rfd8 15. b4 Ndxb4 16. Bxb4 Nxb4 17. Nxe5 Nxa2 18. Qc2 Nb4 19. Qc3 Nd5 20. Bxd5 Bxd5 21. Rxc7 Qe6 22. e4 Ba2 23. Nxf7 Rdc8 24. Nxh6+ Qxh6 25. Rxc8+ Rxc8 26. Qxc8+ Kh7 27. Qxb7 Qf6 28. Qxa7 Be6 29. f4 Bh3 30. Rc1 Qb2 31. Rc2 Qxc2 32. Qf2 Qd1+ 0-1

[Event "CYCC U12"]
[Site "Vancouver CAN"]
[Date "2012.07.03"]
[Round "1"]
[White "Li, Kevin1"]
[Black "Lin, Alex"]
[Result "0-1"]
[WhiteElo "725"]
[BlackElo "1204"]
[PlyCount "32"]
[GameId "2160767909508670"]
[EventDate "2012.07.03"]
[EventType "swiss"]
[EventRounds "7"]
[EventCountry "CAN"]
[SourceTitle "EXT 2022"]
[Source "ChessBase"]
[SourceDate "2021.10.06"]
[SourceVersion "1"]
[SourceVersionDate "2021.10.06"]
[SourceQuality "1"]

1. e4 e5 2. Nf3 Nc6 3. Bb5 a6 4. Bxc6 dxc6 5. Nxe5 Qd4 6. Nf3 Qxe4+ 7. Qe2 Qxe2+ 8. Kxe2 Nf6 9. Rd1 Bg4 10. Nc3 O-O-O 11. d4 c5 12. Be3 cxd4 13. Rxd4 Bd6 14. Bf4 Rhe8+ 15. Kd2 Bxf4+ 16. Kd1 Rxd4# 0-1

[Event "CYCC U12"]
[Site "Vancouver CAN"]
[Date "2012.07.03"]
[Round "1"]
[White "Song, Ziyuan"]
[Black "Banwait, Gursimmer"]
[Result "1-0"]
[WhiteElo "2042"]
[BlackElo "1053"]
[PlyCount "111"]
[GameId "2160767909508671"]
[EventDate "2012.07.03"]
[EventType "swiss"]
[EventRounds "7"]
[EventCountry "CAN"]
[SourceTitle "EXT 2022"]
[Source "ChessBase"]
[SourceDate "2021.10.06"]
[SourceVersion "1"]
[SourceVersionDate "2021.10.06"]
[SourceQuality "1"]

1. e4 e5 2. Nf3 Nc6 3. Bc4 Bc5 4. Nc3 Nf6 5. d3 d6 6. h3 Be6 7. Bb3 h6 8. O-O Nd4 9. Be3 Nxf3+ 10. Qxf3 Bxb3 11. axb3 Bb6 12. Nb5 c6 13. Bxb6 Qxb6 14. Nxd6+ Ke7 15. Nf5+ Kf8 16. Qg3 Nh5 17. Qxe5 Re8 18. Qd4 Qxd4 19. Nxd4 a6 20. g3 Kg8 21. Nf5 g6 22. Ne3 Re5 23. Kg2 Rc5 24. c4 Re5 25. f4 Re7 26. Nc2 Rd7 27. d4 Kg7 28. e5 Kh7 29. f5 gxf5 30. Rxf5 Ng7 31. Rf3 Rg8 32. Raf1 Rf8 33. Rf6 Nh5 34. R6f3 Ng7 35. g4 Ne6 36. Kg3 Nxd4 37. Nxd4 Rxd4 38. Rxf7+ Rxf7 39. Rxf7+ Kg6 40. Rxb7 Rd3+ 41. Kh4 Re3 42. Rb6 Rxe5 43. Rxc6+ Kh7 44. Rxa6 Re2 45. b4 Rxb2 46. b5 Rb4 47. Rc6 Kg7 48. b6 Kf7 49. c5 Ke7 50. Rxh6 Kd7 51. Rh7+ Kc6 52. Rc7+ Kb5 53. b7 Ka6 54. c6 Ka7 55. Rc8 Rb6 56. Ra8# 1-0

[Event "CYCC U12"]
[Site "Vancouver CAN"]
[Date "2012.07.03"]
[Round "1"]
[White "Tjia-Gan, Nicholas"]
[Black "Brewster, Paula"]
[Result "0-1"]
[WhiteElo "870"]
[BlackElo "1341"]
[PlyCount "66"]
[GameId "2160767909508672"]
[EventDate "2012.07.03"]
[EventType "swiss"]
[EventRounds "7"]
[EventCountry "CAN"]
[SourceTitle "hb 2012"]

1. e4 c5 2. d4 cxd4 3. Qxd4 Nc6 4. Qd1 e6 5. Nf3 d6 6. Nc3 a6 7. Bf4 Qc7 8. Rc1 b5 9. Be2 Bb7 10. O-O Nf6 11. Qd3 Be7 12. Qe3 O-O 13. e5 Ng4 14. Qe4 Ncxe5 15. Qb4 Nc6 16. Qe4 Nf6 17. Qe3 Rad8 18. Rcd1 Rfe8 19. Qd3 Ne5 20. Bxe5 dxe5 21. Qe3 Ng4 22. Qc1 e4 23. g3 exf3 24. Rxd8 Rxd8 25. Bd3 Qc5 26. Be4 Bxe4 27. Nxe4 Qh5 28. h4 Qg6 29. Re1 f5 30. Ng5 Bxg5 31. hxg5 Qh5 32. b4 Qh2+ 33. Kf1 Qxf2# 0-1

[Event "CYCC U12"]
[Site "Vancouver CAN"]
[Date "2012.07.03"]
[Round "1"]
[White "Wang, Edward"]
[Black "Hastings, Luke"]
[Result "1-0"]
[WhiteElo "1132"]
[BlackElo "896"]
[PlyCount "65"]
[GameId "2160767909508673"]
[EventDate "2012.07.03"]
[EventType "swiss"]
[EventRounds "7"]
[EventCountry "CAN"]
[SourceTitle "hb 2012"]

1. e4 e5 2. Nf3 Nc6 3. Bc4 Bc5 4. b4 Bxb4 5. c3 Bc5 6. d4 exd4 7. cxd4 Bd6 8. Ng5 Bb4+ 9. Bd2 Bxd2+ 10. Qxd2 Nh6 11. O-O O-O 12. f4 Re8 13. e5 d6 14. d5 dxe5 15. dxc6 Qxd2 16. Nxd2 exf4 17. Rxf4 bxc6 18. Nxf7 Be6 19. Nxh6+ gxh6 20. Rg4+ Kh8 21. Bxe6 Rxe6 22. Re4 Rae8 23. Rae1 c5 24. Rxe6 Rxe6 25. Rxe6 h5 26. Rc6 Kg7 27. Rxc7+ Kg6 28. Rxa7 h6 29. Ra5 Kg5 30. Rxc5+ Kg4 31. h3+ Kg3 32. Rc4 h4 33. Nf1# 1-0

[Event "CYCC U12"]
[Site "Vancouver CAN"]
[Date "2012.07.03"]
[Round "1"]
[White "Xu, Jingzhi (Edwin)"]
[Black "Wu, Brenden"]
[Result "1-0"]
[WhiteElo "1317"]
[BlackElo "860"]
[PlyCount "53"]
[GameId "2160767909508674"]
[EventDate "2012.07.03"]
[EventType "swiss"]
[EventRounds "7"]
[EventCountry "CAN"]
[SourceTitle "hb 2012"]

1. e4 d6 2. Nc3 g6 3. Bc4 Bg7 4. Nf3 Nf6 5. d3 e5 6. Bg5 Nbd7 7. Qd2 O-O 8. h3 Nc5 9. g4 h5 10. gxh5 gxh5 11. Bh6 Nh7 12. Rg1 Ne6 13. Bxe6 fxe6 14. Bxg7 Kf7 15. Bxf8 Qxf8 16. Ng5+ Nxg5 17. Qxg5 Ke8 18. Nb5 Kd7 19. Qxh5 d5 20. Qh7+ Kc6 21. a4 Bd7 22. exd5+ exd5 23. Rg6+ Kc5 24. Qxd7 c6 25. c3 a6 26. Qxb7 Qe8 27. b4# 1-0

[Event "CYCC U12"]
[Site "Vancouver CAN"]
[Date "2012.07.03"]
[Round "1"]
[White "Zheng, Maven"]
[Black "Shi, Jasper"]
[Result "1-0"]
[WhiteElo "954"]
[BlackElo "1088"]
[PlyCount "57"]
[GameId "2160767909508675"]
[EventDate "2012.07.03"]
[EventType "swiss"]
[EventRounds "7"]
[EventCountry "CAN"]
[SourceTitle "hb 2012"]

1. e4 c6 2. d4 d5 3. exd5 cxd5 4. Nf3 Nc6 5. Bf4 Nf6 6. Nc3 Bg4 7. h3 Bxf3 8. gxf3 Qb6 9. Nb5 Rc8 10. c3 e6 11. Bd6 Be7 12. Ba3 a6 13. Nd6+ Bxd6 14. Bxd6 Nxd4 15. Qxd4 Qxd6 16. c4 Ke7 17. cxd5 Qxd5 18. Qb4+ Ke8 19. Be2 Qc6 20. Rg1 Nd5 21. Qd4 f6 22. Rxg7 a5 23. a4 e5 24. Qg4 Kf8 25. Bb5 Qc5 26. Qd7 Rc7 27. Rf7+ Kg8 28. Qe8+ Qf8 29. Qxf8# 1-0

[Event "CYCC U12"]
[Site "Vancouver CAN"]
[Date "2012.07.03"]
[Round "2"]
[White "Banwait, Gursimmer"]
[Black "Liu, Ryan"]
[Result "1-0"]
[WhiteElo "1053"]
[BlackElo "852"]
[PlyCount "61"]
[GameId "2160767909508676"]
[EventDate "2012.07.03"]
[EventType "swiss"]
[EventRounds "7"]
[EventCountry "CAN"]
[SourceTitle "hb 2012"]

1. e4 c6 2. Nf3 d5 3. e5 Bf5 4. Bd3 Bg4 5. h3 Bxf3 6. Qxf3 e6 7. Nc3 f6 8. exf6 Nxf6 9. O-O Bb4 10. a3 Bxc3 11. dxc3 O-O 12. Qg3 g6 13. Bh6 Re8 14. Bxg6 Kh8 15. Bxe8 Nxe8 16. Qe5+ Qf6 17. Bf4 Nd7 18. Qxf6+ Nexf6 19. Rfe1 Re8 20. Be5 Kg8 21. Bxf6 Nxf6 22. Re5 Nd7 23. Rg5+ Kf7 24. Re1 e5 25. Re3 e4 26. Reg3 Ke6 27. Rg7 Nf6 28. Rxb7 Ra8 29. Rgg7 a5 30. Rbe7+ Kd6 31. Rgf7 1-0

[Event "CYCC U12"]
[Site "Vancouver CAN"]
[Date "2012.07.03"]
[Round "2"]
[White "Baskaran, Karthik"]
[Black "Chen, Harrison"]
[Result "1-0"]
[WhiteElo "746"]
[BlackElo "988"]
[PlyCount "124"]
[GameId "2160767909508677"]
[EventDate "2012.07.03"]
[EventType "swiss"]
[EventRounds "7"]
[EventCountry "CAN"]
[SourceTitle "hb 2012"]

1. e4 e5 2. Nf3 Nc6 3. Bc4 h6 4. Nc3 Nf6 5. O-O Nxe4 6. Nxe4 d5 7. Bd3 dxe4 8. Bxe4 Bg4 9. Bxc6+ bxc6 10. Qe2 Bd6 11. h3 Bf5 12. d4 O-O 13. Qc4 exd4 14. Nxd4 Be4 15. Nxc6 Bxc6 16. Qxc6 Qf6 17. Kh1 Qe5 18. g3 Qe2 19. Be3 Qh5 20. Kg2 Qe5 21. Bf4 Qxb2 22. Bxd6 cxd6 23. Qxd6 Qxc2 24. Qf4 Rab8 25. Rfc1 Qe2 26. Qe3 Qxe3 27. fxe3 Rb2+ 28. Kf3 Rd8 29. Rc7 a5 30. Ra7 Rd5 31. a4 Rb4 32. e4 Re5 33. h4 Rbxe4 34. Kg2 f5 35. Kf3 Rd5 36. Ra3 Rg4 37. Ra6 Kf7 38. Ra7+ Kg8 39. Ra6 Kh7 40. Kf2 h5 41. Kf3 Rgd4 42. Kf2 f4 43. Kf3 fxg3 44. Kxg3 Rd3+ 45. Rxd3 Rxd3+ 46. Kg2 Rd4 47. Rxa5 Rxh4 48. Ra6 Rg4+ 49. Kh3 g5 50. a5 Ra4 51. Ra7+ Kg6 52. a6 Ra3+ 53. Kg2 h4 54. Ra8 h3+ 55. Kh2 g4 56. a7 Ra2+ 57. Kh1 g3 58. Rg8+ Kf7 59. a8=Q Rh2+ 60. Kg1 Rf2 61. Rf8+ Kg6 62. Rxf2 gxf2+ 1-0

[Event "CYCC U12"]
[Site "Vancouver CAN"]
[Date "2012.07.03"]
[Round "2"]
[White "Bellissimo, Joseph"]
[Black "Taylor, Tristan"]
[Result "1-0"]
[WhiteElo "2056"]
[BlackElo "1219"]
[PlyCount "41"]
[GameId "2160767909508678"]
[EventDate "2012.07.03"]
[EventType "swiss"]
[EventRounds "7"]
[EventCountry "CAN"]
[SourceTitle "EXT 2022"]
[Source "ChessBase"]
[SourceDate "2021.10.06"]
[SourceVersion "1"]
[SourceVersionDate "2021.10.06"]
[SourceQuality "1"]

1. e4 e5 2. Nf3 Nc6 3. Bc4 Bc5 4. c3 Nf6 5. d4 exd4 6. cxd4 Bb4+ 7. Bd2 Bxd2+ 8. Nbxd2 O-O 9. e5 Nh5 10. O-O d5 11. exd6 Qxd6 12. Ne4 Qg6 13. Ng3 Nxg3 14. fxg3 Bg4 15. Qb3 Bxf3 16. Qxf3 Nxd4 17. Qxb7 Nc2 18. Bxf7+ Kh8 19. Bxg6 Nxa1 20. Rxf8+ Rxf8 21. Be4 1-0